[Event "XV C.to NATO"]
[Site "L'Aja NED"]
[Date "2004.08.10"]
[Round "2"]
[White "Crapulli, Giuseppe"]
[Black "Nilsson, Erik"]
[Result "0-1"]
[WhiteElo "1970"]
[BlackElo "2175"]
[PlyCount "66"]
[EventDate "2004.08.09"]

1. e4 c5 2. Nf3 e6 3. d4 cxd4 4. Nxd4 Nf6 5. Bd3 Nc6 6. Be3 d5 7. Nxc6 bxc6 8.
e5 Nd7 9. f4 Nc5 10. Be2 Ba6 11. Bxa6 Qa5+ 12. Qd2 Qxa6 13. Nc3 Rb8 14. b3 Be7
15. Bxc5 Bxc5 16. Na4 Be7 17. Qe2 Qb5 18. c3 O-O 19. Nb2 Qb6 20. g3 a5 21. Kf1
c5 22. Kg2 c4 23. Na4 Qc6 24. Qc2 d4+ 25. Kh3 d3 26. Qd1 Rfd8 27. Re1 Ba3 28.
Rb1 d2 29. Re3 Bc1 30. Nb2 cxb3 31. axb3 Rd5 32. c4 Rd4 33. Nd3 Rxc4 0-1

[Event "XV C.to NATO"]
[Site "L'Aja NED"]
[Date "2004.08.10"]
[Round "2"]
[White "Deleyn, Gunter"]
[Black "Tommasini, Enzo"]
[Result "0-1"]
[WhiteElo "2275"]
[BlackElo "2128"]
[PlyCount "99"]
[EventDate "2004.08.09"]

1. c4 Nf6 2. g3 g6 3. Bg2 Bg7 4. Nc3 O-O 5. e3 d6 6. Nge2 e5 7. O-O Nc6 8. d3
Nh5 9. Rb1 f5 10. f4 h6 11. Nd5 Ne7 12. e4 Nxd5 13. cxd5 Nf6 14. Nc3 Bd7 15.
Kh1 Kh7 16. Be3 Qe8 17. Qd2 Ng4 18. Bg1 exf4 19. gxf4 g5 20. exf5 Qh5 21. fxg5
hxg5 22. Ne4 Bh6 23. Ng3 Qh4 24. Rbc1 Rac8 25. Rc4 b5 26. Re4 Rce8 27. Qc2 Rxe4
28. Bxe4 Nf6 29. Bd4 Bg7 30. Bxf6 Rxf6 31. Qxc7 Be8 32. Qe7 Bf7 33. Kg1 Kh8 34.
Rf2 Bg8 35. Kf1 Qg4 36. Ke1 a6 37. Qc7 Bf8 38. Qc2 Bg7 39. Qe2 Qh4 40. Qh5+ Rh6
41. Qxh4 gxh4 42. Ne2 Bxb2 43. Nf4 Bg7 44. Kd1 Bf7 45. Ng6+ Kg8 46. h3 Be5 47.
Rc2 Rh5 48. Rc6 a5 49. Rb6 Be8 50. Rb8 0-1

[Event "XV C.to NATO"]
[Site "L'Aja NED"]
[Date "2004.08.10"]
[Round "2"]
[White "Van Zandwijk, Jan-Peter"]
[Black "Capezza, Marco"]
[Result "1-0"]
[WhiteElo "2256"]
[BlackElo "2121"]
[PlyCount "107"]
[EventDate "2004.08.09"]

1. e4 c5 2. Nf3 e6 3. c3 d5 4. exd5 Qxd5 5. d4 Nc6 6. Be2 Nf6 7. O-O Be7 8. c4
Qd8 9. dxc5 Qxd1 10. Rxd1 Bxc5 11. Nc3 O-O 12. Na4 Be7 13. h3 Bd7 14. Be3 Rfd8
15. Nc3 Be8 16. Kf1 Rxd1+ 17. Rxd1 Rd8 18. Nd4 a6 19. Nxc6 Rxd1+ 20. Bxd1 Bxc6
21. Ba4 Bxa4 22. Nxa4 Nd7 23. Ke2 Kf8 24. Kd3 Ke8 25. Bd4 g6 26. Nc3 f5 27. f3
Bd6 28. Ne2 Ke7 29. Kc3 e5 30. Bf2 Ke6 31. b4 Bc7 32. a4 Nf6 33. Nc1 e4 34. Nb3
Nd7 35. fxe4 fxe4 36. Nd4+ Kf6 37. c5 a5 38. Nb5 axb4+ 39. Kxb4 Bf4 40. Bd4+
Ke6 41. Nc3 Bd2 42. Kc4 Ne5+ 43. Kb5 Nc6 44. Bg7 Bxc3 45. Bxc3 Kd5 46. a5 e3
47. Kb6 Kc4 48. Be1 Nd4 49. Kxb7 Kxc5 50. a6 Nc6 51. g4 h5 52. g5 e2 53. a7
Nxa7 54. Kxa7 1-0

[Event "XV C.to NATO"]
[Site "L'Aja NED"]
[Date "2004.08.10"]
[Round "3"]
[White "Nill, Oliver"]
[Black "Donati, Roberto"]
[Result "1-0"]
[WhiteElo "2212"]
[BlackElo "2166"]
[PlyCount "85"]
[EventDate "2004.08.09"]

1. c4 c5 2. Nc3 Nc6 3. g3 g6 4. Bg2 Bg7 5. Nf3 d6 6. O-O e5 7. Rb1 Bf5 8. d3
Nge7 9. a3 a5 10. Nd5 Nxd5 11. cxd5 Ne7 12. Nd2 O-O 13. b4 axb4 14. axb4 b6 15.
bxc5 bxc5 16. Nc4 Qc7 17. Bd2 Rfb8 18. Qc2 Nc8 19. Ba5 Qa7 20. Bc3 Bd7 21. f4
Ba4 22. Qd2 Rxb1 23. Rxb1 exf4 24. gxf4 Qe7 25. Bxg7 Kxg7 26. e4 Bd7 27. Qc3+
Kg8 28. e5 Bf5 29. Re1 Qh4 30. exd6 f6 31. Qd2 Ra2 32. Qe3 Bd7 33. Qg3 Qh5 34.
Bf3 Qf5 35. Be4 Qh5 36. Bf3 Qf5 37. Bg2 Bb5 38. Be4 Qh5 39. Bf3 Qf5 40. Bg4
Qxd5 41. Be6+ Qxe6 42. Rxe6 Bc6 43. Rxf6 1-0

[Event "XV C.to NATO"]
[Site "L'Aja NED"]
[Date "2004.08.10"]
[Round "3"]
[White "Tommasini, Enzo"]
[Black "Csolto, Robert"]
[Result "0-1"]
[WhiteElo "2128"]
[BlackElo "2348"]
[PlyCount "94"]
[EventDate "2004.08.09"]

1. d4 Nf6 2. c4 g6 3. Nc3 Bg7 4. e4 d6 5. f3 O-O 6. Bg5 c5 7. d5 e6 8. Qd2 exd5
9. cxd5 a6 10. a4 Nbd7 11. Nh3 Qa5 12. Ra3 Ne5 13. Nf2 Bd7 14. Be2 Qb4 15. Qc2
c4 16. Be3 Qa5 17. O-O Qc7 18. a5 Be8 19. Na4 Qe7 20. Nb6 Rd8 21. f4 Nd3 22.
Bf3 Bb5 23. Nxc4 Rc8 24. b3 Nc5 25. Nb6 Bxf1 26. Nxc8 Rxc8 27. Kxf1 Nxd5 28.
Bc1 Nb4 29. Qc4 Nc6 30. b4 Ne6 31. Be3 Na7 32. Qd3 Nb5 33. Rb3 Ned4 34. Bxd4
Rc1+ 35. Nd1 Bxd4 36. g3 Qe6 37. Kg2 Qc8 38. g4 Rc2+ 39. Kg3 Bg1 40. Ne3 Ra2
41. Nd5 Qc1 42. Rb1 Bxh2+ 43. Kh3 Bxf4 44. Bg2 Ra3 45. Rb3 Rxb3 46. Qxb3 Be5
47. Qf3 Qh6# 0-1

[Event "XV C.to NATO"]
[Site "L'Aja NED"]
[Date "2004.08.11"]
[Round "4"]
[White "Benedetti, Fabrizio"]
[Black "Przedmojski, Rafal"]
[Result "0-1"]
[WhiteElo "2199"]
[BlackElo "2370"]
[PlyCount "102"]
[EventDate "2004.08.09"]

1. e4 c5 2. Nf3 Nc6 3. d4 cxd4 4. Nxd4 Nf6 5. Nc3 e6 6. g3 d6 7. Bg2 Bd7 8. Be3
a6 9. O-O Qc7 10. Qe2 Be7 11. a4 O-O 12. Rad1 Rab8 13. Kh1 Rbc8 14. f4 Nxd4 15.
Bxd4 Bc6 16. g4 Rfe8 17. g5 Nd7 18. Qh5 g6 19. Qg4 Bf8 20. Rd2 e5 21. Be3 exf4
22. Rxf4 Ne5 23. Qg3 Qa5 24. Bd4 Bxa4 25. Rdf2 Bc6 26. Bxe5 Qxe5 27. Rxf7 Qxg3
28. hxg3 Re7 29. R7f4 Bg7 30. Nd5 Bxd5 31. exd5 Bxb2 32. Bh3 Rb8 33. Be6+ Kg7
34. Rf7+ Rxf7 35. Rxf7+ Kh8 36. c4 Be5 37. Kg2 b5 38. cxb5 axb5 39. Rc7 b4 40.
Rc8+ Rxc8 41. Bxc8 b3 42. Ba6 Kg7 43. Kf3 Kf7 44. Bd3 Ke7 45. Bc4 b2 46. Ba2
Kd7 47. g4 Kc7 48. Ke3 Kb6 49. Ke4 Kc5 50. Kd3 Bf4 51. Ke4 Bxg5 0-1

[Event "XV C.to NATO"]
[Site "L'Aja NED"]
[Date "2004.08.11"]
[Round "4"]
[White "Crapulli, Giuseppe"]
[Black "Daler, Neset"]
[Result "0-1"]
[WhiteElo "1970"]
[BlackElo "2068"]
[PlyCount "76"]
[EventDate "2004.08.09"]

1. e4 e5 2. Nf3 Nf6 3. Nxe5 d6 4. Nf3 Nxe4 5. d4 d5 6. Bd3 Be7 7. O-O O-O 8.
Re1 Bf5 9. c4 Nc6 10. cxd5 Qxd5 11. Nc3 Nxc3 12. bxc3 Bxd3 13. Qxd3 b5 14. Bf4
Bd6 15. Ng5 g6 16. Qh3 h5 17. Ne4 Kg7 18. Nxd6 cxd6 19. Qe3 Rfd8 20. Re2 b4 21.
cxb4 Qxd4 22. Qxd4+ Nxd4 23. Rd2 Nf5 24. f3 Rac8 25. g4 hxg4 26. fxg4 Rc4 27.
gxf5 Rxf4 28. fxg6 Kxg6 29. a3 d5 30. Rc1 Rf3 31. Rc5 d4 32. Rc4 d3 33. Rc3 Kf5
34. Kg2 Ke4 35. Rc1 Rg8+ 36. Kh1 Rg7 37. Rcd1 f5 38. Re1+ Re3 0-1

[Event "XV C.to NATO"]
[Site "L'Aja NED"]
[Date "2004.08.11"]
[Round "4"]
[White "Falbo, Sandro"]
[Black "Nielsen, Henrik Lindholt"]
[Result "1/2-1/2"]
[WhiteElo "2204"]
[BlackElo "2028"]
[PlyCount "40"]
[EventDate "2004.08.09"]

1. c4 Nf6 2. Nf3 c6 3. d4 d5 4. cxd5 cxd5 5. Nc3 e6 6. Bg5 Be7 7. e3 O-O 8. Bd3
Nc6 9. O-O Bd7 10. Rc1 Rc8 11. Qe2 Ne4 12. Bxe4 Bxg5 13. Nxg5 Qxg5 14. f4 Qe7
15. Bd3 f5 16. Nb1 a6 17. Nd2 Nb4 18. Rfd1 Nxa2 19. Ra1 Nb4 20. Nb3 Nc6 1/2-1/2

[Event "XV C.to NATO"]
[Site "L'Aja NED"]
[Date "2004.08.11"]
[Round "4"]
[White "Kovarcik, Thomas"]
[Black "Tommasini, Enzo"]
[Result "1/2-1/2"]
[WhiteElo "2222"]
[BlackElo "2128"]
[PlyCount "25"]
[EventDate "2004.08.09"]

1. d4 d5 2. Bg5 g6 3. e3 Bf5 4. Nf3 Nd7 5. c4 Ngf6 6. Nc3 e6 7. cxd5 exd5 8.
Bd3 Bxd3 9. Qxd3 Be7 10. Nd2 O-O 11. O-O Re8 12. a3 Ne4 13. Bxe7 1/2-1/2

[Event "XV C.to NATO"]
[Site "L'Aja NED"]
[Date "2004.08.12"]
[Round "5"]
[White "Helbig, Mark"]
[Black "Donati, Roberto"]
[Result "1/2-1/2"]
[WhiteElo "2305"]
[BlackElo "2166"]
[PlyCount "108"]
[EventDate "2004.08.09"]

1. d4 Nf6 2. c4 g6 3. Nf3 d6 4. g3 c6 5. Bg2 Bg7 6. O-O O-O 7. Nc3 Qc7 8. h3
Nbd7 9. e4 e5 10. Re1 Re8 11. Be3 a6 12. Rc1 Qa5 13. a3 c5 14. dxc5 dxc5 15.
Nd2 Bf8 16. Qc2 Bd6 17. Nd5 Qd8 18. Red1 Nxd5 19. cxd5 b5 20. a4 Rb8 21. axb5
axb5 22. Bf1 Qe7 23. Nb3 c4 24. Na5 Ra8 25. Nc6 Qf8 26. Qd2 f5 27. exf5 Qxf5
28. Ra1 Rxa1 29. Rxa1 Nf6 30. Bg2 Qd3 31. Qxd3 cxd3 32. Bg5 Nd7 33. b4 Nb6 34.
Be3 Nc4 35. Bc5 e4 36. Re1 d2 37. Rd1 Bxg3 38. Ne7+ Rxe7 39. Bxe7 Bf4 40. Bf6
Bf5 41. Bd4 g5 42. Bf1 g4 43. Bxc4 bxc4 44. Bc3 e3 45. fxe3 Bxe3+ 46. Kg2 gxh3+
47. Kf3 Bc2 48. Rxd2 Bxd2 49. Bxd2 h2 50. Kg2 Be4+ 51. Kxh2 Bxd5 52. Kg3 Kf7
53. Kf4 Ke6 54. Be1 Bb7 1/2-1/2

[Event "XV C.to NATO"]
[Site "L'Aja NED"]
[Date "2004.08.12"]
[Round "5"]
[White "Kraft, Matthias"]
[Black "Benedetti, Fabrizio"]
[Result "1/2-1/2"]
[WhiteElo "2100"]
[BlackElo "2199"]
[PlyCount "35"]
[EventDate "2004.08.09"]

1. Nf3 Nf6 2. b3 g6 3. Bb2 Bg7 4. e3 b6 5. d4 Bb7 6. c4 e6 7. Nc3 O-O 8. Bd3 d5
9. O-O Nbd7 10. Rc1 dxc4 11. Bxc4 Ne4 12. Nxe4 Bxe4 13. Ba3 Re8 14. d5 exd5 15.
Bxd5 Bxd5 16. Qxd5 c5 17. Rfd1 Ne5 18. Nxe5 1/2-1/2

[Event "XV C.to NATO"]
[Site "L'Aja NED"]
[Date "2004.08.12"]
[Round "5"]
[White "Tommasini, Enzo"]
[Black "Hole, Oystein"]
[Result "0-1"]
[WhiteElo "2128"]
[BlackElo "2332"]
[PlyCount "70"]
[EventDate "2004.08.09"]

1. d4 d5 2. c4 c6 3. Nc3 dxc4 4. a4 e5 5. e3 exd4 6. exd4 Be6 7. Nf3 Be7 8. a5
Na6 9. Be3 Nf6 10. Ne5 O-O 11. Nxc4 Nb4 12. Be2 Qc7 13. O-O Rad8 14. Qa4 Bf5
15. Rac1 Nfd5 16. Rfd1 Rfe8 17. Nxd5 Nxd5 18. Bf3 h6 19. Qb3 a6 20. Nb6 Nxe3
21. fxe3 Bg5 22. Rc3 Qe7 23. Kf2 Be4 24. Nc4 Rd5 25. Bxe4 Qxe4 26. Ne5 Re7 27.
Rdd3 Rxa5 28. Qb6 Rd5 29. Nf3 Rb5 30. Qd8+ Re8 31. Qd7 Rxb2+ 32. Kf1 Qe6 33.
Qc7 Qa2 34. Ne1 Rf2+ 35. Kg1 Qe2 0-1

[Event "XV C.to NATO"]
[Site "L'Aja NED"]
[Date "2004.08.12"]
[Round "6"]
[White "Benedetti, Fabrizio"]
[Black "L'Henoret, Thierry"]
[Result "1/2-1/2"]
[WhiteElo "2199"]
[BlackElo "2094"]
[PlyCount "36"]
[EventDate "2004.08.09"]

1. e4 c5 2. Nf3 Nc6 3. d4 cxd4 4. Nxd4 Nf6 5. Nc3 e5 6. Ndb5 d6 7. a4 a6 8. Na3
Bg4 9. Be2 Be6 10. Bg5 Qb6 11. Rb1 Rc8 12. Bxf6 gxf6 13. O-O Nd4 14. Bd3 Be7
15. Kh1 h5 16. Ne2 h4 17. Nxd4 Qxd4 18. c3 Qb6 1/2-1/2

[Event "XV C.to NATO"]
[Site "L'Aja NED"]
[Date "2004.08.12"]
[Round "6"]
[White "Hole, Oystein"]
[Black "Falbo, Sandro"]
[Result "1-0"]
[WhiteElo "2332"]
[BlackElo "2204"]
[PlyCount "77"]
[EventDate "2004.08.09"]

1. Nf3 Nf6 2. c4 g6 3. Nc3 Bg7 4. e4 d6 5. d4 O-O 6. Be2 c5 7. O-O cxd4 8. Nxd4
Nc6 9. Be3 Bd7 10. Qd2 Nxd4 11. Bxd4 Bc6 12. f3 Nd7 13. Be3 a5 14. b3 Nc5 15.
Rab1 Qb8 16. Rfc1 e5 17. Bf1 Ne6 18. Bb6 Bf6 19. Rd1 Bd8 20. Be3 Be7 21. a3 Bf6
22. b4 axb4 23. axb4 Ra3 24. Qb2 Rxc3 25. Qxc3 Nd4 26. Rxd4 exd4 27. Bxd4 Qa7
28. Rd1 Qa4 29. Rd3 Bxd4+ 30. Rxd4 b5 31. Rxd6 bxc4 32. Qxc4 Bb7 33. b5 Qa1 34.
Qd4 Qb1 35. Rd8 Rxd8 36. Qxd8+ Kg7 37. Qd4+ Kg8 38. Qd7 Qc1 39. Qxb7 1-0

[Event "XV C.to NATO"]
[Site "L'Aja NED"]
[Date "2004.08.13"]
[Round "7"]
[White "Capezza, Marco"]
[Black "Moen, Steinar"]
[Result "0-1"]
[WhiteElo "2121"]
[BlackElo "2181"]
[PlyCount "76"]
[EventDate "2004.08.09"]

1. d4 Nf6 2. Nf3 e6 3. Bf4 b6 4. e3 Be7 5. c4 Bb7 6. Nc3 O-O 7. Bd3 d5 8. Qe2
c5 9. O-O cxd4 10. exd4 dxc4 11. Bxc4 Nc6 12. Rad1 Nb4 13. Rfe1 Nbd5 14. Bd2
Rc8 15. Ne5 Nxc3 16. bxc3 Rc7 17. Bd3 Qd5 18. f4 Ba3 19. Nc4 Be7 20. Ne3 Qd7
21. f5 Ne4 22. fxe6 fxe6 23. Ng4 Nxc3 24. Bxc3 Rxc3 25. Bb5 Bc6 26. Qxe6+ Qxe6
27. Rxe6 Bg5 28. d5 h5 29. Ne5 Be3+ 30. Kh1 Bxd5 31. Rd6 Bxa2 32. Ng6 Bc5 33.
R6d2 Rf2 34. Rd8+ Kh7 35. Nh4 Be7 36. R8d3 Rc5 37. Kg1 Bxh4 38. g3 Rb2 0-1

[Event "VIII Open A"]
[Site "Genova ITA"]
[Date "2004.08.09"]
[Round "1"]
[White "Astengo, Marcello"]
[Black "Bancod, Ronald"]
[Result "0-1"]
[WhiteElo "2056"]
[BlackElo "2354"]
[PlyCount "58"]
[EventDate "2004.08.09"]

1. d4 Nf6 2. c4 c5 3. d5 b5 4. cxb5 a6 5. bxa6 g6 6. Nc3 Bxa6 7. g3 d6 8. Bg2
Nbd7 9. Nh3 Bg7 10. O-O O-O 11. Qc2 Qa5 12. Ng5 Nb6 13. Rb1 Nc4 14. h3 Rfb8 15.
f4 h6 16. Nge4 Nxe4 17. Qxe4 Ra7 18. h4 Rab7 19. Qc2 Bxc3 20. bxc3 Rxb1 21. f5
Ne5 22. Bxh6 Rxf1+ 23. Bxf1 c4 24. fxg6 Qc5+ 25. e3 fxg6 26. h5 Qxd5 27. hxg6
Bb7 28. Bf4 Qh1+ 29. Kf2 Qh2+ 0-1

[Event "VIII Open A"]
[Site "Genova ITA"]
[Date "2004.08.09"]
[Round "1"]
[White "Cirabisi, Federico"]
[Black "Caprioglio, Tiziano"]
[Result "1-0"]
[WhiteElo "2106"]
[BlackElo "1810"]
[PlyCount "45"]
[EventDate "2004.08.09"]

1. e4 c5 2. Nc3 Nc6 3. f4 e6 4. Nf3 g6 5. Bb5 Nge7 6. O-O Bg7 7. Bxc6 Nxc6 8.
d3 O-O 9. Qe1 b6 10. Nb5 d6 11. e5 dxe5 12. fxe5 Ba6 13. Bg5 Qd7 14. Nc3 Nd4
15. Ne4 Nxf3+ 16. Rxf3 Qd4+ 17. Kh1 Qxe5 18. Bf6 Qc7 19. Qh4 Bb7 20. Rh3 h5 21.
Bxg7 Kxg7 22. Qf6+ Kg8 23. Rxh5 1-0

[Event "VIII Open A"]
[Site "Genova ITA"]
[Date "2004.08.09"]
[Round "1"]
[White "De Andres Gonalons, Fernando"]
[Black "Dervishi, Erald"]
[Result "0-1"]
[WhiteElo "2087"]
[BlackElo "2486"]
[PlyCount "120"]
[EventDate "2004.08.09"]

1. d4 Nf6 2. c4 e6 3. Nf3 d5 4. Nc3 Be7 5. Bf4 O-O 6. e3 c5 7. dxc5 Bxc5 8. Qc2
Nc6 9. a3 Qa5 10. Rd1 Be7 11. Nd2 a6 12. Be2 Rd8 13. O-O Qb6 14. Nb3 dxc4 15.
Bxc4 Bd7 16. Rd2 Be8 17. Rfd1 Rxd2 18. Rxd2 Rc8 19. Be2 h6 20. Bf3 Na7 21. Be5
Nc6 22. Bf4 Qa7 23. Qd1 b5 24. e4 b4 25. axb4 Bxb4 26. Rd3 Nd7 27. Bh5 Nde5 28.
Rg3 Rd8 29. Qe2 Kh7 30. h3 Qb7 31. Qc2 Be7 32. Na5 Nxa5 33. Bxe5 g6 34. Be2 Nc6
35. Bf4 Nd4 36. Qb1 Nxe2+ 37. Nxe2 Bc6 38. Nc3 Bf6 39. Qc1 Bg7 40. Re3 Rd4 41.
f3 f5 42. Qc2 Rb4 43. Re2 fxe4 44. fxe4 Bd4+ 45. Kh2 e5 46. Bc1 Qf7 47. Qd2 g5
48. Qe1 Rc4 49. Bd2 Bb7 50. Qd1 Rb4 51. Re1 Rxb2 52. Rf1 Qe7 53. Rf5 Kg7 54.
Nd5 Bxd5 55. exd5 Rb6 56. Qh5 Rg6 57. Qf3 e4 58. Qg3 Qd6 59. Qxd6 Rxd6 60. g4
Rf6 0-1

[Event "VIII Open A"]
[Site "Genova ITA"]
[Date "2004.08.09"]
[Round "1"]
[White "Djuric, Stefan"]
[Black "Pulito, Alberto"]
[Result "1-0"]
[WhiteElo "2511"]
[BlackElo "2091"]
[PlyCount "54"]
[EventDate "2004.08.09"]

1. e4 e6 2. d4 d5 3. e5 c5 4. c3 Nc6 5. Nf3 Bd7 6. Be2 Nge7 7. Na3 Nf5 8. Nc2
Be7 9. O-O Qb6 10. dxc5 Bxc5 11. Bd3 Rd8 12. Rb1 Bc8 13. Qe2 Qc7 14. Bg5 Be7
15. Bf4 h6 16. h3 Qb6 17. b4 g5 18. Bh2 h5 19. b5 Na5 20. Nfd4 Bc5 21. Rfd1 Kf8
22. Qf3 g4 23. Qf4 gxh3 24. gxh3 Nxd4 25. cxd4 Be7 26. Bg6 f5 27. exf6 Bd6 1-0

[Event "VIII Open A"]
[Site "Genova ITA"]
[Date "2004.08.09"]
[Round "1"]
[White "Genocchio, Daniele"]
[Black "Carzolio, Luigi"]
[Result "1-0"]
[WhiteElo "2353"]
[BlackElo "2052"]
[PlyCount "35"]
[EventDate "2004.08.09"]

1. e4 e6 2. d4 a6 3. Be3 b5 4. Bd3 Bb7 5. a4 c5 6. dxc5 Qc7 7. axb5 axb5 8.
Rxa8 Bxa8 9. b4 Nc6 10. c3 Nf6 11. Na3 Ne7 12. f3 Bc6 13. Ne2 e5 14. Ng3 g6 15.
O-O Bg7 16. f4 O-O 17. f5 Qb7 18. Qf3 1-0

[Event "VIII Open A"]
[Site "Genova ITA"]
[Date "2004.08.09"]
[Round "1"]
[White "Guidi, Maurizio"]
[Black "Sanchez, Joseph"]
[Result "0-1"]
[WhiteElo "2086"]
[BlackElo "2453"]
[PlyCount "28"]
[EventDate "2004.08.09"]

1. e4 d5 2. exd5 Nf6 3. Nf3 Bg4 4. Be2 Qxd5 5. Nc3 Qa5 6. O-O Nc6 7. a3 O-O-O
8. d3 h5 9. Bf4 Qf5 10. Bg3 Bxf3 11. Bxf3 h4 12. Bxc7 Kxc7 13. a4 e6 14. Re1
Bb4 0-1

[Event "VIII Open A"]
[Site "Genova ITA"]
[Date "2004.08.09"]
[Round "1"]
[White "Guido, Flavio"]
[Black "Hintz, Bastian"]
[Result "0-1"]
[WhiteElo "2338"]
[BlackElo "2048"]
[PlyCount "70"]
[EventDate "2004.08.09"]

1. e4 c5 2. c3 Nf6 3. e5 Nd5 4. d4 cxd4 5. Nf3 e6 6. cxd4 d6 7. Bc4 Nc6 8. O-O
Be7 9. Qe2 O-O 10. Rd1 Bd7 11. Bd2 Qb6 12. Nc3 Nxc3 13. Bxc3 dxe5 14. dxe5 Rfd8
15. Rd2 Nb4 16. a3 Na6 17. b4 Nb8 18. Rad1 a6 19. h4 Bc6 20. Bd4 Qc7 21. Bb3
Nd7 22. h5 h6 23. Qe3 a5 24. Qc3 axb4 25. axb4 Rdc8 26. Rc2 Qb8 27. Rdc1 b5 28.
Nh2 Qb7 29. Qg3 Be4 30. Rxc8+ Rxc8 31. Rxc8+ Qxc8 32. Ng4 Qc1+ 33. Kh2 Bg5 34.
Qc3 Bf4+ 35. Kh3 Qh1+ 0-1

[Event "VIII Open A"]
[Site "Genova ITA"]
[Date "2004.08.09"]
[Round "1"]
[White "Lanzani, Mario"]
[Black "Burani, Eugenio"]
[Result "1-0"]
[WhiteElo "2365"]
[BlackElo "2058"]
[PlyCount "37"]
[EventDate "2004.08.09"]

1. e4 c5 2. Nf3 Nf6 3. e5 Nd5 4. c3 Nc6 5. d4 cxd4 6. cxd4 d6 7. Bc4 dxe5 8.
dxe5 e6 9. O-O Bc5 10. Nbd2 O-O 11. Ne4 Bb6 12. Bg5 Nde7 13. Qe2 Qc7 14. Bb5
Nf5 15. Rac1 Nfd4 16. Nxd4 Nxd4 17. Qg4 h5 18. Qf4 Nc6 19. Bf6 1-0

[Event "VIII Open A"]
[Site "Genova ITA"]
[Date "2004.08.09"]
[Round "1"]
[White "Lazic, Miroljub"]
[Black "Bildt, Thomas"]
[Result "1-0"]
[WhiteElo "2471"]
[BlackElo "2086"]
[PlyCount "65"]
[EventDate "2004.08.09"]

1. g3 d5 2. Nf3 c5 3. Bg2 Nc6 4. O-O e5 5. d3 f6 6. c4 d4 7. e3 Be6 8. exd4
cxd4 9. a3 Qd7 10. b4 h5 11. Re1 Nge7 12. Nbd2 h4 13. b5 Nd8 14. Nxh4 g5 15.
Ne4 Bg7 16. Nc5 Qc7 17. Nxe6 Nxe6 18. Nf3 Nf5 19. Nd2 Nc5 20. Ne4 Nd6 21. Nxc5
Qxc5 22. a4 Qc7 23. Ba3 Bf8 24. c5 Nf5 25. Qf3 Qh7 26. Qxb7 Qxb7 27. Bxb7 Rb8
28. Be4 Ng7 29. Bd5 Rc8 30. b6 axb6 31. cxb6 Bxa3 32. b7 Rb8 33. Rxa3 1-0

[Event "VIII Open A"]
[Site "Genova ITA"]
[Date "2004.08.09"]
[Round "1"]
[White "Lucchese, Paolo"]
[Black "Gromovs, Sergejs"]
[Result "0-1"]
[WhiteElo "2049"]
[BlackElo "2341"]
[PlyCount "78"]
[EventDate "2004.08.09"]

1. e4 c5 2. Nf3 d6 3. d4 cxd4 4. Nxd4 Nf6 5. Nc3 Nc6 6. f3 e5 7. Nb3 Be6 8. Be3
Be7 9. Qd2 O-O 10. O-O-O Rc8 11. Kb1 a6 12. Nd5 Bxd5 13. exd5 Nb8 14. Qa5 Nbd7
15. Qxd8 Bxd8 16. c4 Bb6 17. Bxb6 Nxb6 18. Nd2 Rc7 19. b3 Nbd7 20. Bd3 Rb8 21.
Be4 g6 22. g4 Nc5 23. Rhe1 b5 24. cxb5 Rxb5 25. Ka1 Rb4 26. h3 a5 27. Rc1 Rd4
28. Rcd1 a4 29. bxa4 Rxa4 30. Rc1 Rca7 31. Rc2 Rd4 32. Kb1 Raa4 33. Re3 Nxd5
34. Bxd5 Rxd5 35. Ne4 Rd1+ 36. Rc1 Rxc1+ 37. Kxc1 Nxe4 38. fxe4 Rxa2 39. Rd3
Ra6 0-1

[Event "VIII Open A"]
[Site "Genova ITA"]
[Date "2004.08.09"]
[Round "1"]
[White "Ranola, Yves"]
[Black "Bellincampi, Stefano"]
[Result "1-0"]
[WhiteElo "2410"]
[BlackElo "2064"]
[PlyCount "53"]
[EventDate "2004.08.09"]

1. c4 e6 2. g3 d5 3. Bg2 Nf6 4. Nf3 dxc4 5. O-O Nbd7 6. Na3 Nb6 7. Nxc4 Nxc4 8.
Qa4+ Bd7 9. Qxc4 Bc6 10. d3 Be7 11. e4 O-O 12. Bf4 Nd7 13. Rfd1 g5 14. Be3 Bf6
15. Qc2 Nb6 16. d4 g4 17. Ne5 Bxe5 18. dxe5 Nd7 19. Bh6 Kh8 20. b4 Rg8 21. a4
a6 22. Rab1 Qe7 23. b5 axb5 24. axb5 Nxe5 25. bxc6 bxc6 26. Bf4 Qf6 27. Bxe5
1-0

[Event "VIII Open A"]
[Site "Genova ITA"]
[Date "2004.08.09"]
[Round "1"]
[White "Rathje, Christian"]
[Black "Mateo, Ramon"]
[Result "0-1"]
[WhiteElo "2072"]
[BlackElo "2425"]
[PlyCount "76"]
[EventDate "2004.08.09"]

1. e4 c5 2. Nf3 e6 3. d4 cxd4 4. Nxd4 a6 5. Bd3 Nf6 6. f4 g6 7. O-O Qb6 8. c3
Nc6 9. Kh1 Nxd4 10. cxd4 Qxd4 11. Nc3 h5 12. f5 Ng4 13. fxg6 f6 14. e5 f5 15.
Qe2 Qxe5 16. Bf4 Qxe2 17. Bxe2 Bg7 18. Na4 e5 19. Nb6 Rb8 20. Bg5 d6 21. Bc4
Rf8 22. Bf7+ Rxf7 23. gxf7+ Kxf7 24. Nxc8 Rxc8 25. Rxf5+ Ke6 26. Raf1 e4 27.
Rf7 Bxb2 28. Rxb7 Bd4 29. h3 Nf2+ 30. Kh2 Rc2 31. Re7+ Kd5 32. Bh4 Nd3 33. Bg3
h4 34. Bxh4 Be5+ 35. Bg3 e3 36. Bxe5 e2 37. Ra1 dxe5 38. h4 Nc1 0-1

[Event "VIII Open A"]
[Site "Genova ITA"]
[Date "2004.08.09"]
[Round "1"]
[White "Reiser, Charles-Roy"]
[Black "Paragua, Mark"]
[Result "0-1"]
[WhiteElo "2093"]
[BlackElo "2529"]
[PlyCount "40"]
[EventDate "2004.08.09"]

1. d4 Nf6 2. f4 g6 3. e3 Bg7 4. Nf3 d6 5. c3 O-O 6. Bd3 Nc6 7. O-O a6 8. Qc2 e5
9. dxe5 dxe5 10. Ng5 exf4 11. exf4 Nd5 12. a3 h6 13. Nf3 Re8 14. Be4 Qe7 15.
Bxd5 Qc5+ 16. Kh1 Qxd5 17. c4 Qc5 18. b4 Qf5 19. Ra2 Qxc2 20. Rxc2 Bf5 0-1

[Event "VIII Open A"]
[Site "Genova ITA"]
[Date "2004.08.09"]
[Round "1"]
[White "Rodriguez Alvarez, Alan"]
[Black "Wisnewski, Christoph"]
[Result "0-1"]
[WhiteElo "2071"]
[BlackElo "2410"]
[PlyCount "52"]
[EventDate "2004.08.09"]

1. e4 Nc6 2. d4 d5 3. e5 f6 4. Bd3 Be6 5. Nf3 Qd7 6. Nbd2 Bg4 7. h3 Bh5 8. exf6
exf6 9. c3 O-O-O 10. O-O g5 11. Qa4 Bd6 12. b4 Kb8 13. Bb5 Nge7 14. Be2 Nxd4
15. Qd1 Nxe2+ 16. Qxe2 Ng6 17. Nb3 Nh4 18. Nbd4 Nxg2 19. Kxg2 g4 20. Qe6 gxf3+
21. Kh1 Rhg8 22. Bh6 Rg2 23. Qxd7 Rxd7 24. Rae1 Rh2+ 25. Kg1 Rxh3 26. Nf5 Bh2+
0-1

[Event "VIII Open A"]
[Site "Genova ITA"]
[Date "2004.08.10"]
[Round "2"]
[White "Astengo, Corrado"]
[Black "Lazic, Miroljub"]
[Result "0-1"]
[WhiteElo "2161"]
[BlackElo "2471"]
[PlyCount "122"]
[EventDate "2004.08.09"]

1. e4 Nc6 2. Nf3 d6 3. d4 Nf6 4. Nc3 Bg4 5. Be2 g6 6. Be3 Bg7 7. h3 Bxf3 8.
Bxf3 O-O 9. O-O e5 10. dxe5 dxe5 11. Nd5 Nxd5 12. exd5 Ne7 13. c4 Nf5 14. Bc5
Re8 15. Be4 Nd6 16. Bxd6 cxd6 17. b4 f5 18. Bc2 e4 19. Rc1 e3 20. fxe3 Bh6 21.
Ba4 Rxe3 22. Rc2 Qb6 23. c5 Qxb4 24. Bb3 Rae8 25. Rc4 Qa5 26. cxd6 Qb6 27. d7
Rd8 28. Kh1 Qd6 29. Rc6 Qxd7 30. d6+ Kh8 31. Qd4+ Bg7 32. Qxe3 bxc6 33. Rd1 Re8
34. Qc5 Re4 35. Rc1 Bd4 36. Qb4 Kg7 37. Qb8 Be5 38. Rd1 Kh6 39. Qf8+ Bg7 40.
Qf7 Qxf7 41. Bxf7 Rd4 42. Rxd4 Bxd4 43. Be8 c5 44. Bb5 Kg5 45. d7 Bf6 46. Kg1
Kf4 47. Kf2 Ke4 48. Ke2 Kd4 49. Kd2 c4 50. Kc2 g5 51. Ba6 g4 52. hxg4 fxg4 53.
Kd2 h5 54. Bb7 h4 55. Bc6 h3 56. gxh3 gxh3 57. Bf3 h2 58. Bg2 Bd8 59. Kc2 Bg5
60. Ba8 Kc5 61. Kc3 Bf6+ 0-1

[Event "VIII Open A"]
[Site "Genova ITA"]
[Date "2004.08.10"]
[Round "2"]
[White "Bancod, Ronald"]
[Black "Guanciale, Orazio"]
[Result "1-0"]
[WhiteElo "2354"]
[BlackElo "2110"]
[PlyCount "51"]
[EventDate "2004.08.09"]

1. e4 e6 2. d3 d5 3. Nd2 Nf6 4. Ngf3 Nc6 5. c3 a5 6. a4 e5 7. Be2 g6 8. O-O Bg7
9. Re1 O-O 10. Bf1 b6 11. h3 Bb7 12. Qc2 Re8 13. Nb1 Qd7 14. Na3 Rad8 15. Nb5
Nb8 16. b3 Na6 17. Ba3 c5 18. d4 Nxe4 19. dxe5 f6 20. Rad1 Qf7 21. Rxe4 dxe4
22. Bc4 Bd5 23. Rxd5 Rxd5 24. Qxe4 f5 25. Qxd5 Qxd5 26. Bxd5+ 1-0